[Event "Leap Year op"]
[Site "Vancouver CAN"]
[Date "2008.03.02"]
[Round "4.1"]
[White "Lee, Vicente jr."]
[Black "Daswani, Benedict"]
[Result "1-0"]
[WhiteElo "2355"]
[BlackElo "2053"]
[PlyCount "77"]
[GameId "2160767910413366"]
[EventDate "2008.02.29"]
[EventType "swiss"]
[EventRounds "5"]
[EventCountry "CAN"]

1. e4 g6 2. d4 d6 3. Nc3 Nf6 4. Nf3 Bg7 5. Be2 Nc6 6. h3 O-O 7. Be3 a6 8. Qd2 b5 9. a3 Bb7 10. O-O Na5 11. Bh6 c5 12. Bxg7 Kxg7 13. d5 Qb6 14. Qe3 Bc8 15. b4 Nb7 16. Nh4 e6 17. Rad1 Re8 18. dxe6 Bxe6 19. Bf3 Rad8 20. bxc5 dxc5 21. e5 Nd7 22. Rfe1 Na5 23. Bd5 b4 24. Bxe6 Qxe6 25. axb4 cxb4 26. Nd5 Nc4 27. Qf4 Qc6 28. Nf6 Nxf6 29. exf6+ Qxf6 30. Qxc4 Rxe1+ 31. Rxe1 Rd4 32. Qc8 Rxh4 33. Re8 Rd4 34. Rg8+ Kh6 35. Qf8+ Kh5 36. g4+ Kg5 37. Qc5+ Kh6 38. Kg2 Qd6 39. Qh5+ 1-0

[Event "Leap Year op"]
[Site "Vancouver CAN"]
[Date "2008.03.02"]
[Round "4.2"]
[White "Spears, Nicholas"]
[Black "Li, Changhe"]
[Result "0-1"]
[WhiteElo "2157"]
[BlackElo "1887"]
[PlyCount "40"]
[GameId "2160767910413367"]
[EventDate "2008.02.29"]
[EventType "swiss"]
[EventRounds "5"]
[EventCountry "CAN"]
[SourceTitle "EXT 2011"]
[Source "ChessBase"]
[SourceDate "2011.11.26"]
[SourceVersion "1"]
[SourceVersionDate "2011.11.26"]
[SourceQuality "1"]

1. d4 d5 2. Nf3 Nf6 3. c4 c6 4. Nc3 dxc4 5. a4 Bf5 6. e3 e6 7. Bxc4 Bb4 8. O-O Nbd7 9. Qe2 O-O 10. Ne5 Nxe5 11. dxe5 Nd7 12. e4 Bg6 13. f4 Qh4 14. Be3 Nb6 15. g3 Qh3 16. Bd3 Rad8 17. Bc2 Bh5 18. Qf2 Nc4 19. Bd1 b6 20. Kh1 Nxe3 0-1

[Event "Leap Year op"]
[Site "Vancouver CAN"]
[Date "2008.03.02"]
[Round "4.3"]
[White "Kostin, Andrey"]
[Black "Milicevic, Dragoljub"]
[Result "1/2-1/2"]
[WhiteElo "2007"]
[BlackElo "2143"]
[PlyCount "130"]
[GameId "2160767910413368"]
[EventDate "2008.02.29"]
[EventType "swiss"]
[EventRounds "5"]
[EventCountry "CAN"]
[SourceTitle "EXT 2011"]
[Source "ChessBase"]
[SourceDate "2011.11.26"]
[SourceVersion "1"]
[SourceVersionDate "2011.11.26"]
[SourceQuality "1"]

1. e4 d5 2. exd5 Nf6 3. d4 Bg4 4. Be2 Bxe2 5. Qxe2 Qxd5 6. Nf3 Nc6 7. O-O O-O-O 8. Rd1 Qe4 9. Be3 e6 10. c4 h6 11. Nc3 Qf5 12. a3 g5 13. b4 g4 14. Ne1 Ne4 15. Nxe4 Qxe4 16. Qc2 Qxc2 17. Nxc2 Bg7 18. Rd2 Rd7 19. Rad1 Rhd8 20. Kf1 Ne7 21. Na1 Nf5 22. Nb3 b6 23. g3 c6 24. Kg2 Kb7 25. h3 gxh3+ 26. Kxh3 Nd6 27. Nc5+ bxc5 28. dxc5 Bf8 29. Bf4 Kc7 30. cxd6+ Kb7 31. c5 Bg7 32. Be3 Rg8 33. Bd4 e5 34. Bc3 f5 35. Re2 e4 36. Bxg7 Rdxg7 37. a4 a6 38. Rg1 h5 39. f3 exf3 40. Rf2 Rg4 41. Rxf3 f4 42. Rg2 a5 43. bxa5 R4g5 44. Rxf4 Rxc5 45. Rf7+ Ka6 46. d7 Rd5 47. Rc2 c5 48. Rf6+ Kxa5 49. Rc6 Rxd7 50. R6xc5+ Kxa4 51. Rxh5 Rdg7 52. Rg2 Kb4 53. g4 Kc4 54. Ra2 Kb3 55. Rg2 Kc4 56. Rh6 Kd4 57. Ra2 Ke4 58. Ra4+ Kf3 59. Rf6+ Ke3 60. Kg3 Kd2 61. Re6 Kd3 62. Rae4 Ra7 63. R4e5 Ra1 64. Rd6+ Kc4 65. Re3 Rg1+ 1/2-1/2

[Event "Leap Year op"]
[Site "Vancouver CAN"]
[Date "2008.03.02"]
[Round "4.4"]
[White "Han, Yifei"]
[Black "Cheng, Bindi"]
[Result "0-1"]
[WhiteElo "1801"]
[BlackElo "2352"]
[PlyCount "60"]
[GameId "2160767910413369"]
[EventDate "2008.02.29"]
[EventType "swiss"]
[EventRounds "5"]
[EventCountry "CAN"]
[SourceTitle "EXT 2011"]
[Source "ChessBase"]
[SourceDate "2011.11.26"]
[SourceVersion "1"]
[SourceVersionDate "2011.11.26"]
[SourceQuality "1"]

1. e4 c5 2. Nf3 d6 3. d4 cxd4 4. Nxd4 Nf6 5. Nc3 a6 6. Be2 e5 7. Nb3 Be7 8. Bg5 Be6 9. Qd2 Nbd7 10. f3 O-O 11. O-O-O b5 12. g4 b4 13. Na4 Qc7 14. Na1 Qa5 15. b3 Nc5 16. Kb1 Nxa4 17. bxa4 Qxa4 18. Nb3 Rfc8 19. h4 a5 20. Bd3 Qc6 21. Rc1 a4 22. Na1 Qb7 23. Be2 Rc3 24. Rce1 Ra3 25. Qc1 Rxa2 26. Qe3 Ra3 27. Qd2 Ra2 28. Qe3 Rc8 29. Bd1 Rc3 30. Qd2 Rca3 0-1

[Event "Leap Year op"]
[Site "Vancouver CAN"]
[Date "2008.03.02"]
[Round "4.5"]
[White "Leblanc, Paul"]
[Black "Kromhout, Alexander"]
[Result "1/2-1/2"]
[WhiteElo "1947"]
[BlackElo "1858"]
[PlyCount "80"]
[GameId "2160767910413370"]
[EventDate "2008.02.29"]
[EventType "swiss"]
[EventRounds "5"]
[EventCountry "CAN"]
[SourceTitle "EXT 2011"]
[Source "ChessBase"]
[SourceDate "2011.11.26"]
[SourceVersion "1"]
[SourceVersionDate "2011.11.26"]
[SourceQuality "1"]

1. d4 Nf6 2. Bg5 e6 3. Nf3 h6 4. Bh4 d5 5. e3 Be7 6. c4 dxc4 7. Bxc4 c5 8. Nc3 cxd4 9. Nxd4 a6 10. Qf3 O-O 11. O-O Qc7 12. Bb3 Bd7 13. Rac1 Nc6 14. Rfd1 Nxd4 15. exd4 Bc6 16. d5 exd5 17. Bxf6 Bxf6 18. Nxd5 Qe5 19. Nxf6+ gxf6 20. Qg3+ Qg5 21. Bd5 Bxd5 22. Rxd5 Qxg3 23. hxg3 Rac8 24. Rxc8 Rxc8 25. Rd7 b5 26. Rd6 Rc1+ 27. Kh2 Rc2 28. Rxf6 Rxb2 29. Rxa6 Rxf2 30. a4 bxa4 31. Rxa4 Kg7 32. g4 Kg6 33. Kg3 Rb2 34. Ra6+ Kg7 35. Ra5 Re2 36. Rb5 Kg6 37. Rb6+ Re6 38. Rb5 f6 39. Ra5 Re5 40. Ra8 Rb5 1/2-1/2

[Event "Leap Year op"]
[Site "Vancouver CAN"]
[Date "2008.03.02"]
[Round "4.6"]
[White "Soliven, Joe"]
[Black "Cheng, Jack"]
[Result "1-0"]
[WhiteElo "2017"]
[BlackElo "1894"]
[PlyCount "107"]
[GameId "2160767910413371"]
[EventDate "2008.02.29"]
[EventType "swiss"]
[EventRounds "5"]
[EventCountry "CAN"]
[SourceTitle "EXT 2011"]
[Source "ChessBase"]
[SourceDate "2011.11.26"]
[SourceVersion "1"]
[SourceVersionDate "2011.11.26"]
[SourceQuality "1"]

1. f4 Nf6 2. Nf3 g6 3. e3 Bg7 4. Be2 O-O 5. O-O d6 6. Nc3 Nbd7 7. Kh1 e5 8. e4 Re8 9. Bc4 h6 10. d3 exf4 11. Bxf4 Ne5 12. Nxe5 dxe5 13. Be3 Be6 14. Bb3 Bxb3 15. axb3 a6 16. Qf3 Kh7 17. g4 g5 18. Rf2 Qd7 19. Rg1 b5 20. h4 h5 21. gxh5 g4 22. Qg2 Rg8 23. Rgf1 Qe6 24. Nd5 Nxh5 25. Rf5 Nf4 26. Bxf4 exf4 27. R1xf4 Qh6 28. Qg3 c6 29. Nf6+ Bxf6 30. Rxf6 Rg6 31. Rxf7+ Kh8 32. Kg2 a5 33. R4f5 Qd2+ 34. Rf2 Qh6 35. Qe5+ Rg7 36. Rxg7 Qxg7 37. Qh5+ Qh7 38. Rf5 a4 39. bxa4 bxa4 40. Qxg4 Rg8 41. Rg5 Rxg5 42. Qxg5 Qb7 43. Qf6+ Kh7 44. h5 a3 45. bxa3 Qb1 46. Qxc6 Qd1 47. Qg6+ Kh8 48. Qg3 Qe2+ 49. Kh3 Qf1+ 50. Qg2 Qf6 51. a4 Qe6+ 52. Qg4 Qf6 53. h6 Qf1+ 54. Qg2 1-0

[Event "Leap Year op"]
[Site "Vancouver CAN"]
[Date "2008.03.02"]
[Round "5.1"]
[White "Li, Changhe"]
[Black "Lee, Vicente jr."]
[Result "0-1"]
[WhiteElo "1887"]
[BlackElo "2355"]
[PlyCount "70"]
[GameId "2160767910413372"]
[EventDate "2008.02.29"]
[EventType "swiss"]
[EventRounds "5"]
[EventCountry "CAN"]

1. e4 c5 2. Nf3 d6 3. d4 cxd4 4. Nxd4 Nf6 5. Nc3 a6 6. Be3 e5 7. Nb3 Be6 8. f3 Be7 9. Qd2 Nbd7 10. g4 b5 11. g5 Nh5 12. Ne2 g6 13. Ng3 Nf4 14. h4 h6 15. O-O-O Rc8 16. Kb1 hxg5 17. hxg5 Rxh1 18. Nxh1 Qc7 19. Nf2 Nb6 20. Bxf4 exf4 21. Nd4 Bxg5 22. Nh3 Bxh3 23. Bxh3 Rd8 24. Rh1 Bf6 25. Bg4 Nc4 26. Qd3 Qc5 27. Nb3 Qe5 28. c3 d5 29. exd5 Rxd5 30. Qe4 Kf8 31. Re1 Qd6 32. Qe8+ Kg7 33. Nd4 Rxd4 34. cxd4 Qxd4 35. Qe2 Nd2+ 0-1

[Event "Leap Year op"]
[Site "Vancouver CAN"]
[Date "2008.03.02"]
[Round "5.2"]
[White "Cheng, Bindi"]
[Black "Kostin, Andrey"]
[Result "0-1"]
[WhiteElo "2352"]
[BlackElo "2007"]
[PlyCount "94"]
[GameId "2160767910413373"]
[EventDate "2008.02.29"]
[EventType "swiss"]
[EventRounds "5"]
[EventCountry "CAN"]
[SourceTitle "EXT 2011"]
[Source "ChessBase"]
[SourceDate "2011.11.26"]
[SourceVersion "1"]
[SourceVersionDate "2011.11.26"]
[SourceQuality "1"]

1. d4 Nf6 2. Nf3 e6 3. c4 b6 4. g3 Ba6 5. Qc2 Bb7 6. Bg2 c5 7. d5 exd5 8. cxd5 Nxd5 9. O-O Be7 10. Qe4 O-O 11. Rd1 Na6 12. Rxd5 Bxd5 13. Qxd5 Nb4 14. Qd1 d5 15. e3 Qd6 16. Bd2 Nc6 17. Nc3 Rad8 18. Qa4 Qd7 19. Ne1 Nb4 20. Qxd7 Rxd7 21. a3 d4 22. exd4 cxd4 23. axb4 dxc3 24. Bxc3 Rfd8 25. Bf3 h6 26. Kg2 Bg5 27. Bg4 Rc7 28. Nf3 Be7 29. b5 Rd5 30. Nd4 Bf6 31. Rd1 Bxd4 32. Rxd4 Rxd4 33. Bxd4 Rc4 34. Be5 Rxg4 35. f4 Rg6 36. f5 Rg5 37. Kf3 Rxf5+ 38. Ke4 Rf2 39. Kd5 Rxh2 40. Kc6 Rh5 41. Bd6 Rf5 42. Be7 f6 43. b4 Kf7 44. Bd6 Re5 45. Kb7 Rxb5 46. Kxa7 Rd5 47. Bc7 b5 0-1

[Event "Leap Year op"]
[Site "Vancouver CAN"]
[Date "2008.03.02"]
[Round "5.3"]
[White "Milicevic, Dragoljub"]
[Black "Soliven, Joe"]
[Result "1-0"]
[WhiteElo "2143"]
[BlackElo "2017"]
[PlyCount "87"]
[GameId "2160767910413374"]
[EventDate "2008.02.29"]
[EventType "swiss"]
[EventRounds "5"]
[EventCountry "CAN"]
[SourceTitle "EXT 2011"]
[Source "ChessBase"]
[SourceDate "2011.11.26"]
[SourceVersion "1"]
[SourceVersionDate "2011.11.26"]
[SourceQuality "1"]

1. Nf3 Nf6 2. c4 c5 3. g3 Nc6 4. Nc3 d6 5. Bg2 g6 6. b3 Bg7 7. Bb2 O-O 8. O-O Re8 9. d4 Bf5 10. d5 Nb8 11. Nh4 Bg4 12. h3 Bc8 13. e4 e6 14. f4 exd5 15. cxd5 Nh5 16. Kh2 Nd7 17. Qc2 Bh6 18. Ne2 b6 19. Nf3 f6 20. Nfg1 Bf8 21. Rf2 Ng7 22. g4 Ba6 23. Ng3 Rc8 24. Nf3 b5 25. Bf1 Qb6 26. Qd2 Be7 27. h4 Bd8 28. g5 Rf8 29. Bh3 Qc7 30. Rc1 Rb8 31. Nd4 Bc8 32. Ne6 Nxe6 33. Bxe6+ Kg7 34. h5 Nb6 35. h6+ Kh8 36. Bxc8 Rxc8 37. gxf6 Qf7 38. Rd1 Bxf6 39. e5 c4 40. exf6 Rc5 41. Ne4 Rxd5 42. Nxd6 Rxd6 43. Qxd6 Re8 44. Qe7 1-0

[Event "Leap Year op"]
[Site "Vancouver CAN"]
[Date "2008.03.02"]
[Round "5.4"]
[White "Pearse, Andrew"]
[Black "Spears, Nicholas"]
[Result "1/2-1/2"]
[WhiteElo "1950"]
[BlackElo "2157"]
[PlyCount "96"]
[GameId "2160767910413375"]
[EventDate "2008.02.29"]
[EventType "swiss"]
[EventRounds "5"]
[EventCountry "CAN"]
[SourceTitle "EXT 2011"]
[Source "ChessBase"]
[SourceDate "2011.11.26"]
[SourceVersion "1"]
[SourceVersionDate "2011.11.26"]
[SourceQuality "1"]

1. d4 d5 2. c4 e6 3. Nc3 Nf6 4. Nf3 Be7 5. g3 O-O 6. Bg2 c6 7. O-O Nbd7 8. Qc2 Re8 9. Rd1 Qa5 10. b3 Bb4 11. Bd2 Qa6 12. Nxd5 Nxd5 13. cxd5 Bxd2 14. dxc6 Ba5 15. cxd7 Bxd7 16. Ng5 f5 17. b4 Bd8 18. Nh3 Ba4 19. Bxb7 Bxc2 20. Bxa6 Bxd1 21. Rxd1 Be7 22. Bb7 Rab8 23. Bc6 Red8 24. b5 Rd6 25. f4 Bd8 26. e3 Bb6 27. Nf2 Rbd8 28. a4 h6 29. Kf1 g5 30. Ke2 Kg7 31. Rd3 Kf6 32. Nd1 gxf4 33. gxf4 Rg8 34. Kf2 Rg4 35. Bf3 Rg7 36. Rc3 Bxd4 37. exd4 Rxd4 38. a5 Rxf4 39. b6 axb6 40. axb6 Rb4 41. Rc6 Rb7 42. Ne3 Ke7 43. Rxe6+ Kxe6 44. Bxb7 Rxb6 45. Bc8+ Kf7 46. Bxf5 h5 47. Kg3 Rb3 48. Kf4 Rxe3 1/2-1/2

[Event "Leap Year op"]
[Site "Vancouver CAN"]
[Date "2008.03.02"]
[Round "5.5"]
[White "Daswani, Benedict"]
[Black "Leblanc, Paul"]
[Result "1-0"]
[WhiteElo "2053"]
[BlackElo "1947"]
[PlyCount "55"]
[GameId "2160767910413376"]
[EventDate "2008.02.29"]
[EventType "swiss"]
[EventRounds "5"]
[EventCountry "CAN"]
[SourceTitle "EXT 2011"]
[Source "ChessBase"]
[SourceDate "2011.11.26"]
[SourceVersion "1"]
[SourceVersionDate "2011.11.26"]
[SourceQuality "1"]

1. g3 d5 2. d3 Nf6 3. Bg2 Bf5 4. c4 c6 5. cxd5 cxd5 6. Bg5 Qa5+ 7. Nd2 Nbd7 8. Ngf3 h6 9. Bf4 g5 10. Be5 Nxe5 11. Nxe5 Bg7 12. O-O O-O 13. a3 Rac8 14. f4 Qb6+ 15. Kh1 Ng4 16. Nxg4 Bxg4 17. h3 Bd7 18. fxg5 hxg5 19. Rb1 Qd6 20. g4 Bd4 21. e4 Bc6 22. Qe2 Bb6 23. exd5 Bc7 24. Be4 Bxd5 25. Rf5 e6 26. Rxg5+ Kh8 27. Qf2 f6 28. Qh4# 1-0

[Event "Maisonneuve mem."]
[Site "Gatineau CAN"]
[Date "2008.10.21"]
[Round "1"]
[White "Beriault, Silvain"]
[Black "Sunatori, Evelyne"]
[Result "1-0"]
[WhiteElo "1650"]
[BlackElo "1132"]
[PlyCount "83"]
[GameId "2160767910302860"]
[EventDate "2008.10.21"]
[EventType "swiss"]
[EventRounds "5"]
[EventCountry "CAN"]
[SourceTitle "EXT 2011"]
[Source "ChessBase"]
[SourceDate "2011.11.26"]
[SourceVersion "1"]
[SourceVersionDate "2011.11.26"]
[SourceQuality "1"]

1. d4 d5 2. c4 c6 3. Nc3 Nf6 4. Bg5 e6 5. e3 Be7 6. Nf3 h6 7. Bh4 Qa5 8. Qc2 g5 9. Bg3 Ne4 10. Bd3 Bb4 11. Bxe4 dxe4 12. Nd2 f5 13. a3 Be7 14. b4 Bxb4 15. Ncb1 Nd7 16. Qb3 Be7 17. O-O b6 18. c5 Nf8 19. Nc4 Qb5 20. Nd6+ Bxd6 21. Qxb5 cxb5 22. Bxd6 bxc5 23. Bxc5 Nd7 24. Bb4 a5 25. Bc3 Rh7 26. Nd2 a4 27. Rfc1 Ba6 28. Bb4 Rc8 29. Rxc8+ Bxc8 30. Rc1 Ba6 31. Rc6 Nb8 32. Rxe6+ Kf7 33. Rb6 Rh8 34. Bd6 Rc8 35. Bxb8 b4 36. Rxa6 Rc1+ 37. Nf1 bxa3 38. Rxa4 Rc8 39. Bd6 Rc6 40. Bxa3 Kf6 41. Bc5 Ke6 42. Rb4 1-0

[Event "Maisonneuve mem."]
[Site "Gatineau CAN"]
[Date "2008.10.21"]
[Round "1"]
[White "Berthiaume, Patrick"]
[Black "Lemieux, Richard"]
[Result "0-1"]
[WhiteElo "1206"]
[BlackElo "1654"]
[PlyCount "48"]
[GameId "2160767910302861"]
[EventDate "2008.10.21"]
[EventType "swiss"]
[EventRounds "5"]
[EventCountry "CAN"]
[SourceTitle "EXT 2011"]
[Source "ChessBase"]
[SourceDate "2011.11.26"]
[SourceVersion "1"]
[SourceVersionDate "2011.11.26"]
[SourceQuality "1"]

1. e4 e5 2. Nf3 Nf6 3. Bc4 Bc5 4. Nc3 Nc6 5. O-O O-O 6. a3 d6 7. b4 Bb6 8. Nd5 Bg4 9. d3 h6 10. h3 Bh5 11. Nxf6+ Qxf6 12. g4 Bg6 13. c3 a6 14. h4 Qe7 15. g5 h5 16. Nh2 Kh7 17. Kg2 Rae8 18. f4 exf4 19. Bxf4 Bxe4+ 20. Nf3 Bxf3+ 21. Qxf3 Qe2+ 22. Qxe2 Rxe2+ 23. Rf2 Rxf2+ 24. Kg3 Rc2 0-1

[Event "Maisonneuve mem."]
[Site "Gatineau CAN"]
[Date "2008.10.21"]
[Round "1"]
[White "Brousseau, Yvan"]
[Black "Rainey, Ivan"]
[Result "1-0"]
[WhiteElo "2002"]
[BlackElo "1475"]
[PlyCount "55"]
[GameId "2160767910302862"]
[EventDate "2008.10.21"]
[EventType "swiss"]
[EventRounds "5"]
[EventCountry "CAN"]
[SourceTitle "EXT 2011"]
[Source "ChessBase"]
[SourceDate "2011.11.26"]
[SourceVersion "1"]
[SourceVersionDate "2011.11.26"]
[SourceQuality "1"]

1. b3 e5 2. Bb2 Nc6 3. e3 a6 4. Nf3 d6 5. d4 exd4 6. Nxd4 Nxd4 7. Qxd4 Nf6 8. Nc3 c5 9. Qd2 d5 10. O-O-O Be6 11. Be2 Qd7 12. h3 Rd8 13. g4 Qc6 14. g5 Ng8 15. Bf3 Ne7 16. Ne2 Qc8 17. Nf4 Rg8 18. Qa5 Nc6 19. Qd2 Ne7 20. a3 d4 21. exd4 cxd4 22. Qe2 Bxb3 23. Kb1 d3 24. Rxd3 Rxd3 25. Qxd3 Ba4 26. Re1 g6 27. Nd5 Qd7 28. Nf6+ 1-0

[Event "Maisonneuve mem."]
[Site "Gatineau CAN"]
[Date "2008.10.21"]
[Round "1"]
[White "Carriere, Stephen"]
[Black "Arsenault, Michel"]
[Result "0-1"]
[WhiteElo "1301"]
[BlackElo "1989"]
[PlyCount "86"]
[GameId "2160767910302863"]
[EventDate "2008.10.21"]
[EventType "swiss"]
[EventRounds "5"]
[EventCountry "CAN"]
[SourceTitle "EXT 2011"]
[Source "ChessBase"]
[SourceDate "2011.11.26"]
[SourceVersion "1"]
[SourceVersionDate "2011.11.26"]
[SourceQuality "1"]

1. e4 c5 2. Nf3 e6 3. Bc4 Nc6 4. Nc3 Nf6 5. d3 d6 6. O-O Be7 7. Re1 a6 8. a4 O-O 9. h3 Bd7 10. e5 Ne8 11. Re4 d5 12. Rg4 dxc4 13. Bh6 Kh8 14. Qd2 gxh6 15. Qxh6 Rg8 16. Rxg8+ Kxg8 17. Ne4 f5 18. Neg5 Bxg5 19. Nxg5 Qe7 20. Re1 Qg7 21. Qh5 Qg6 22. Qh4 Nd4 23. c3 Nc2 24. Re2 cxd3 25. Rd2 c4 26. b3 b5 27. bxc4 bxc4 28. f4 Bc6 29. g4 h6 30. gxf5 exf5 31. e6 hxg5 32. fxg5 Qxe6 33. Rf2 Qe4 34. Qxe4 fxe4 35. h4 e3 36. Rf3 Bxf3 37. Kh2 e2 38. Kg3 Bb7 39. h5 e1=Q+ 40. Kg4 Qe4+ 41. Kh3 Qf3+ 42. Kh4 Ne3 43. g6 Qg4# 0-1

[Event "Maisonneuve mem."]
[Site "Gatineau CAN"]
[Date "2008.10.21"]
[Round "1"]
[White "Desjardins, Michel"]
[Black "MacIsaac, Alexandre"]
[Result "0-1"]
[WhiteElo "1978"]
[BlackElo "1370"]
[PlyCount "68"]
[GameId "2160767910302864"]
[EventDate "2008.10.21"]
[EventType "swiss"]
[EventRounds "5"]
[EventCountry "CAN"]
[SourceTitle "EXT 2011"]
[Source "ChessBase"]
[SourceDate "2011.11.26"]
[SourceVersion "1"]
[SourceVersionDate "2011.11.26"]
[SourceQuality "1"]

1. e4 c5 2. Nc3 Nc6 3. g3 g6 4. Bg2 Bg7 5. d3 Nf6 6. h3 d6 7. Be3 Be6 8. Qd2 O-O 9. Bh6 Nd4 10. Bxg7 Kxg7 11. f4 Qa5 12. g4 b5 13. e5 Nd5 14. Rc1 Nb4 15. Bxa8 Rxa8 16. a3 Nd5 17. Nxd5 Qxd2+ 18. Kxd2 Bxd5 19. Rh2 dxe5 20. fxe5 a5 21. Re1 a4 22. c3 Nb3+ 23. Kc2 b4 24. Ne2 bxa3 25. bxa3 Rb8 26. Rb1 c4 27. dxc4 Be4+ 28. Kd1 Bxb1 29. Nf4 Be4 30. Ke1 Nc5 31. Nd5 Bxd5 32. cxd5 Rb1+ 33. Kf2 Rb2+ 34. Kg3 Ne4+ 0-1

[Event "Maisonneuve mem."]
[Site "Gatineau CAN"]
[Date "2008.10.21"]
[Round "1"]
[White "Guimond, Michel"]
[Black "Levesque, Andre"]
[Result "1-0"]
[WhiteElo "1847"]
[BlackElo "1271"]
[PlyCount "43"]
[GameId "2160767910302865"]
[EventDate "2008.10.21"]
[EventType "swiss"]
[EventRounds "5"]
[EventCountry "CAN"]
[SourceTitle "EXT 2011"]
[Source "ChessBase"]
[SourceDate "2011.11.26"]
[SourceVersion "1"]
[SourceVersionDate "2011.11.26"]
[SourceQuality "1"]

1. e4 c5 2. Nf3 Nc6 3. d4 cxd4 4. Nxd4 g6 5. Nc3 Bg7 6. Be3 Nf6 7. Nxc6 bxc6 8. e5 Ng8 9. f4 e6 10. Ne4 Bf8 11. Nd6+ Bxd6 12. Qxd6 Ne7 13. Bd3 O-O 14. O-O-O a5 15. g4 Bb7 16. f5 exf5 17. gxf5 gxf5 18. Bg5 Re8 19. Rhg1 f6 20. Bxf6+ Kf7 21. Bc4+ Nd5 22. Rg7# 1-0

[Event "Maisonneuve mem."]
[Site "Gatineau CAN"]
[Date "2008.10.21"]
[Round "1"]
[White "Jiang, Qizhe"]
[Black "Menard, Marc"]
[Result "0-1"]
[WhiteElo "993"]
[BlackElo "1576"]
[PlyCount "92"]
[GameId "2160767910302867"]
[EventDate "2008.10.21"]
[EventType "swiss"]
[EventRounds "5"]
[EventCountry "CAN"]
[SourceTitle "EXT 2011"]
[Source "ChessBase"]
[SourceDate "2011.11.26"]
[SourceVersion "1"]
[SourceVersionDate "2011.11.26"]
[SourceQuality "1"]

1. e4 e5 2. Nf3 Nc6 3. Bc4 Nf6 4. d3 Be7 5. Nc3 O-O 6. O-O d6 7. h3 Na5 8. Bd5 c6 9. Bb3 Nxb3 10. cxb3 Qc7 11. d4 Rd8 12. Qe2 b5 13. a3 Be6 14. Qc2 h6 15. Be3 a5 16. Rfd1 Nd7 17. Rac1 Nf6 18. d5 cxd5 19. Nxd5 Qxc2 20. Rxc2 Nxd5 21. exd5 Bf5 22. Rc7 Bf6 23. g4 Be4 24. Kg2 b4 25. a4 Kf8 26. Rc4 Bh7 27. Kg3 Rdc8 28. Rc6 Be7 29. Rdc1 Rxc6 30. Rxc6 Be4 31. Nd2 Bxd5 32. Rb6 f6 33. Rb5 Bc6 34. Rb6 Bd7 35. Nc4 d5 36. Rb7 Bc8 37. Rb6 dxc4 38. bxc4 Bd8 39. Bc5+ Ke8 40. Rd6 Be7 41. Rc6 Bxc5 42. Rxc5 Kf8 43. Rc7 Be6 44. c5 Bb3 45. c6 Bxa4 46. Rb7 Bxc6 0-1

[Event "Maisonneuve mem."]
[Site "Gatineau CAN"]
[Date "2008.10.21"]
[Round "1"]
[White "Labelle, Raymond"]
[Black "Danilov, Alex"]
[Result "0-1"]
[WhiteElo "1292"]
[BlackElo "1883"]
[PlyCount "60"]
[GameId "2160767910302868"]
[EventDate "2008.10.21"]
[EventType "swiss"]
[EventRounds "5"]
[EventCountry "CAN"]
[SourceTitle "EXT 2011"]
[Source "ChessBase"]
[SourceDate "2011.11.26"]
[SourceVersion "1"]
[SourceVersionDate "2011.11.26"]
[SourceQuality "1"]

1. e4 c5 2. Nf3 Nc6 3. d4 cxd4 4. Nxd4 g6 5. Nxc6 bxc6 6. Bc4 Bg7 7. Qf3 e6 8. O-O Qf6 9. Qe3 Ne7 10. Nc3 O-O 11. Bd2 d5 12. e5 Qh4 13. Qg5 Qxc4 14. Qxe7 Bxe5 15. Rfe1 Bg7 16. Re3 d4 17. Re4 f5 18. Rh4 e5 19. b3 Qe6 20. Qxe6+ Bxe6 21. Ne2 Bf6 22. Rh3 f4 23. Rf3 g5 24. b4 e4 25. Ra3 Bc4 26. Nc1 e3 27. fxe3 fxe3 28. Be1 d3 29. Bc3 d2 30. Nd3 e2 0-1

[Event "Maisonneuve mem."]
[Site "Gatineau CAN"]
[Date "2008.10.21"]
[Round "1"]
[White "Lacourse, Guy"]
[Black "Duret, Serge"]
[Result "1-0"]
[WhiteElo "1569"]
[BlackElo "991"]
[PlyCount "58"]
[GameId "2160767910302869"]
[EventDate "2008.10.21"]
[EventType "swiss"]
[EventRounds "5"]
[EventCountry "CAN"]
[SourceTitle "EXT 2011"]
[Source "ChessBase"]
[SourceDate "2011.11.26"]
[SourceVersion "1"]
[SourceVersionDate "2011.11.26"]
[SourceQuality "1"]

1. d4 d5 2. c4 dxc4 3. e3 Nf6 4. Bxc4 e6 5. Nf3 Bd6 6. Nc3 Nc6 7. O-O b6 8. e4 e5 9. Qa4 O-O 10. Qxc6 Bd7 11. Qb7 Ng4 12. h3 exd4 13. Nxd4 Qh4 14. Nf3 Qh5 15. hxg4 Qxg4 16. e5 Qxc4 17. exd6 Bc6 18. Ne5 Bxb7 19. Nxc4 cxd6 20. Nxd6 Bc6 21. Re1 Rfd8 22. Nf5 Kh8 23. Bf4 g6 24. Be5+ Kg8 25. Ne7+ Kf8 26. Nxc6 Re8 27. Bf6 Rxe1+ 28. Rxe1 Re8 29. Rxe8+ Kxe8 1-0

[Event "Maisonneuve mem."]
[Site "Gatineau CAN"]
[Date "2008.10.21"]
[Round "1"]
[White "Libersan, Mattieu"]
[Black "Briere, Gilles"]
[Result "1-0"]
[WhiteElo "1902"]
[BlackElo "1298"]
[PlyCount "63"]
[GameId "2160767910302870"]
[EventDate "2008.10.21"]
[EventType "swiss"]
[EventRounds "5"]
[EventCountry "CAN"]
[SourceTitle "EXT 2011"]
[Source "ChessBase"]
[SourceDate "2011.11.26"]
[SourceVersion "1"]
[SourceVersionDate "2011.11.26"]
[SourceQuality "1"]

1. e4 e5 2. Nf3 Nc6 3. Bc4 Bc5 4. c3 Nf6 5. d4 exd4 6. cxd4 Bb6 7. Nc3 d6 8. O-O a6 9. Bg5 O-O 10. Nd5 Na5 11. Bd3 Ba7 12. e5 dxe5 13. dxe5 Qxd5 14. exf6 g6 15. Qc2 Nc6 16. Be4 Nb4 17. Bxd5 Nxc2 18. Rac1 Nb4 19. Bb3 c5 20. Ne5 b5 21. Bh6 c4 22. Bxf8 Kxf8 23. a3 Nd3 24. Nxd3 cxd3 25. Rc7 Be6 26. Bxe6 fxe6 27. Rxh7 Kg8 28. Rd7 Bc5 29. Rd1 e5 30. R1xd3 Bd4 31. Rg3 Rf8 32. Rg7+ 1-0